000 00584nam a2200217Ia 4500
003 OSt
005 20220923230839.0
006 a|||||r|||| 00| 0
007 ta
008 Pun
024 _a306,059
037 _cTextual
040 _aARTS
_cARTS
_bPun
041 _2Pun
_aPun
082 _aQ8441:2:g, 153L8
100 _aਕਰਮਜੀਤ ਸਿੰਘ
245 0 _aਗੁਰੂ ਅਰਜਨ ਬਾਣੀ ਵਿਚ ਸਰੋਦੀਅੰF
260 _c1978
942 _hQ8441:2:g, 153L8
_cTEXL
_2CC
999 _c387846
_d387846